000 00870nam a2200205Ia 4500
003 GCL
005 20240530103216.0
008 140319s9999 xx 000 0 ara d
040 _aGCL /
_cGCL
082 0 4 _a234.2
_bب ك
100 1 _aابن ابى الدنيا : ابوبكر عبدالله بن محمد بن عبيدالله سفيان بن قيس القرشى الامدى
245 1 0 _aكتاب الصمت واداب اللسان /
_cابن ابى الدنيا : ابوبكر عبدالله بن محمد بن عبيدالله سفيان بن قيس القرشى الامدى
260 _a[S.N] :
_bدار الغرب الاسلامى ،
_c1986
300 _a754 ص
650 0 4 _aالاسلام
650 0 4 _aعلوم الحديث
650 0 4 _aابن ابى الدنيا البغدادى
700 1 _aنجم عبدالرحمن خلف
942 _2ddc
_cBK
999 _c37573
_d37573